| 000 | 00682nam a2200241 i 4500 | ||
|---|---|---|---|
| 001 | 106411 | ||
| 003 | ES-MaACL | ||
| 005 | 20250710062727.0 | ||
| 007 | t| | ||
| 008 | 061113s1969 fr ||||1| fre d | ||
| 080 | _a801.541.2 | ||
| 100 | 1 |
_aGuiraud, Pierre. _960893 |
|
| 245 | 1 | 3 |
_aLa sémantique / _cpar Pierre Guiraud. |
| 250 | _a6ª ed. | ||
| 260 |
_aParis : _bPresses Universitaires de France, _c1969. |
||
| 300 |
_a126 p. ; _c18 cm. |
||
| 490 | 1 |
_aQue sais-je? ; _v655 |
|
| 500 | _aBiblioteca Jacinto Martínez Lacalle. | ||
| 650 | 1 | 4 |
_aSemántica. _917037 |
| 830 | 0 | 0 |
_aQue sais-je? _v655 _9180931 |
| 852 |
_aES-MaACL _jE-11397 _bR.139146 |
||
| 999 |
_c106411 _d106411 |
||